|
|
|
|
| LEADER |
01826nam a2200409 i 4500 |
| 001 |
EBC1996980 |
| 003 |
MiAaPQ |
| 005 |
20200520144314.0 |
| 006 |
m o d | |
| 007 |
cr cnu|||||||| |
| 008 |
150402s2015 dcuad o 000 0 eng|d |
| 020 |
|
|
|z 9781498309561
|
| 020 |
|
|
|a 9781498385763
|q (electronic bk.)
|
| 035 |
|
|
|a (MiAaPQ)EBC1996980
|
| 035 |
|
|
|a (Au-PeEL)EBL1996980
|
| 035 |
|
|
|a (CaPaEBR)ebr11035755
|
| 035 |
|
|
|a (CaONFJC)MIL753270
|
| 035 |
|
|
|a (OCoLC)905997655
|
| 040 |
|
|
|a MiAaPQ
|b eng
|e rda
|e pn
|c MiAaPQ
|d MiAaPQ
|
| 050 |
|
4 |
|a HC1030
|b .I58 2015
|
| 110 |
2 |
|
|a International Monetary Fund.
|
| 245 |
1 |
0 |
|a Guinea :
|b fifth review under the three-year arrangement under the extended credit facility, financing assurances review, and requests for an augmentation of access and extension of the current arrangement-staff report : press release : and statement by the executive director for Guinea.
|
| 264 |
|
1 |
|a Washington, District of Columbia :
|b International Monetary Fund,
|c 2015.
|
| 300 |
|
|
|a 1 online resource (109 pages) :
|b color illustrations.
|
| 336 |
|
|
|a text
|2 rdacontent
|
| 337 |
|
|
|a computer
|2 rdamedia
|
| 338 |
|
|
|a online resource
|2 rdacarrier
|
| 490 |
1 |
|
|a IMF country report ;
|v number 15/39
|
| 500 |
|
|
|a "February 2015."
|
| 588 |
|
|
|a Description based on online resource; title from PDF title page (ebrary, viewed April 2, 2015).
|
| 590 |
|
|
|a Electronic reproduction. Ann Arbor, MI : ProQuest, 2015. Available via World Wide Web. Access may be limited to ProQuest affiliated libraries.
|
| 650 |
|
0 |
|a Accounting
|z Guinea.
|
| 651 |
|
0 |
|a Guinea
|x Economic conditions.
|
| 655 |
|
4 |
|a Electronic books.
|
| 797 |
2 |
|
|a ProQuest (Firm)
|
| 830 |
|
0 |
|a IMF country report ;
|v no. 15/39.
|
| 856 |
4 |
0 |
|u https://ebookcentral.proquest.com/lib/matrademy/detail.action?docID=1996980
|z Click to View
|